000 00919nam a2200253 i 4500
001 bg
100 1 _aAPOLINARSKI, Marek
245 1 0 _aĆwiczenia laboratoryjne z technologii ścieków /
_cMarek Apolinarski, Bronisław Bartkiewicz, Jacek Wąsowski.
260 _aWarszawa :
_bOficyna Wydawnicza Politechniki Warszawskiej,
_c2001.
300 _a167 s. :
_bil. ;
_c24 cm.
504 _aBibliogr. przy ćw., wykaz polskich norm.
650 9 _aOczyszczalnia ścieków
655 _aPodręczniki akademickie
700 1 _aBARTKIEWICZ, Bronisław
700 1 _aWĄSOWSKI, Jacek
020 _a8372072353
040 _cBPK
041 0 _apol
080 _a628.3(075.8)
920 _a83-7207-235-3
942 _cKS
008 s pl f |000 0 pol
999 _c43159
_d43159
856 _uhttp://koha.tu.koszalin.pl/cgi-bin/koha/opac-detail.pl?biblionumber=43159
_yKatalog online BPK